[Event "DEM U12 2025"]
[Site "Willingen GER"]
[Date "2025.06.14"]
[Round "9"]
[White "Peglau, Paul David"]
[Black "Pradeep, Harshill"]
[Result "1-0"]
[Termination "normal"]
[Board "2"]
[WhiteElo "1959"]
[BlackElo "1936"]
[WhiteClock "00:17:25"]
[BlackClock "00:40:00"]
[PlyCount "135"]
[WhiteFideId "16290550"]
[BlackFideId "34629513"]
[EventCountry "GER"]
[EventRounds "9"]
[EventType "swiss"]
[EventDate "2025.06.07"]

1. Nf3 {[%clk 01:30:55]} {[%emt 00:00:05]} Nf6 {[%clk 01:30:54]} {[%emt
00:00:06]} 2. d4 {[%clk 01:31:19]} {[%emt 00:00:06]} g6 {[%clk 01:31:19]}
{[%emt 00:00:05]} 3. Nbd2 {[%clk 01:31:43]} {[%emt 00:00:06]} Bg7 {[%clk
01:31:16]} {[%emt 00:00:34]} 4. e4 {[%clk 01:32:05]} {[%emt 00:00:07]} d6
{[%clk 01:31:41]} {[%emt 00:00:05]} 5. Bd3 {[%clk 01:32:30]} {[%emt 00:00:04]}
O-O {[%clk 01:30:27]} {[%emt 00:01:44]} 6. O-O {[%clk 01:32:36]} {[%emt
00:00:24]} Nc6 {[%clk 01:25:47]} {[%emt 00:05:11]} 7. c3 {[%clk 01:31:35]}
{[%emt 00:01:31]} e5 {[%clk 01:25:03]} {[%emt 00:01:14]} 8. dxe5 {[%clk
01:25:38]} {[%emt 00:06:27]} Nxe5 {[%clk 01:20:56]} {[%emt 00:04:37]} 9. Nxe5
{[%clk 01:24:50]} {[%emt 00:01:18]} dxe5 {[%clk 01:21:18]} {[%emt 00:00:08]}
10. Nf3 {[%clk 01:22:59]} {[%emt 00:02:20]} Qe7 {[%clk 01:19:43]} {[%emt
00:02:05]} 11. h3 {[%clk 01:20:24]} {[%emt 00:03:06]} h6 {[%clk 01:17:34]}
{[%emt 00:02:38]} 12. Be3 {[%clk 01:19:18]} {[%emt 00:01:36]} b6 {[%clk
01:17:17]} {[%emt 00:00:48]} 13. a4 {[%clk 01:10:56]} {[%emt 00:08:51]} Bb7
{[%clk 01:15:44]} {[%emt 00:02:03]} 14. Qc2 {[%clk 01:08:45]} {[%emt 00:02:42]}
a5 {[%clk 01:14:48]} {[%emt 00:01:26]} 15. b4 {[%clk 00:59:41]} {[%emt
00:09:34]} Ne8 {[%clk 01:05:43]} {[%emt 00:09:35]} 16. bxa5 {[%clk 00:46:38]}
{[%emt 00:13:33]} Rxa5 {[%clk 01:05:48]} {[%emt 00:00:24]} 17. c4 {[%clk
00:45:53]} {[%emt 00:01:15]} f5 {[%clk 00:41:58]} {[%emt 00:24:21]} 18. c5
{[%clk 00:44:56]} {[%emt 00:01:27]} Nf6 {[%clk 00:37:46]} {[%emt 00:04:42]} 19.
Nh4 {[%clk 00:40:26]} {[%emt 00:05:00]} Kh7 {[%clk 00:25:16]} {[%emt 00:13:00]}
20. exf5 {[%clk 00:40:02]} {[%emt 00:00:53]} e4 {[%clk 00:25:41]} {[%emt
00:00:06]} 21. fxg6+ {[%clk 00:39:23]} {[%emt 00:01:09]} Kh8 {[%clk 00:24:42]}
{[%emt 00:01:29]} 22. Bc4 {[%clk 00:36:03]} {[%emt 00:03:50]} Nd5 {[%clk
00:21:39]} {[%emt 00:03:32]} 23. Bxd5 {[%clk 00:28:21]} {[%emt 00:08:13]} Bxd5
{[%clk 00:22:01]} {[%emt 00:00:07]} 24. g3 {[%clk 00:18:08]} {[%emt 00:10:43]}
Qe6 {[%clk 00:20:35]} {[%emt 00:01:56]} 25. cxb6 {[%clk 00:13:27]} {[%emt
00:05:12]} cxb6 {[%clk 00:17:56]} {[%emt 00:03:09]} 26. Rab1 {[%clk 00:11:43]}
{[%emt 00:02:14]} Qxh3 {[%clk 00:15:14]} {[%emt 00:03:12]} 27. Rxb6 {[%clk
00:09:11]} {[%emt 00:03:02]} Rc8 {[%clk 00:14:46]} {[%emt 00:00:58]} 28. Qd2
{[%clk 00:09:01]} {[%emt 00:00:39]} Bc4 {[%clk 00:14:50]} {[%emt 00:00:26]} 29.
Rc1 {[%clk 00:08:17]} {[%emt 00:01:15]} Rd5 {[%clk 00:13:51]} {[%emt 00:01:29]}
30. Qb4 {[%clk 00:06:08]} {[%emt 00:02:39]} Rdd8 {[%clk 00:05:39]} {[%emt
00:08:41]} 31. Rd6 {[%clk 00:03:43]} {[%emt 00:02:56]} Bd3 {[%clk 00:04:35]}
{[%emt 00:01:33]} 32. Rxd8+ {[%clk 00:03:55]} {[%emt 00:00:18]} Rxd8 {[%clk
00:05:02]} {[%emt 00:00:04]} 33. Qe7 {[%clk 00:03:42]} {[%emt 00:00:43]} Rc8
{[%clk 00:03:58]} {[%emt 00:01:35]} 34. Rxc8+ {[%clk 00:04:06]} {[%emt
00:00:05]} Qxc8 {[%clk 00:04:25]} {[%emt 00:00:03]} 35. Bxh6 {[%clk 00:04:26]}
{[%emt 00:00:10]} Qg8 {[%clk 00:04:46]} {[%emt 00:00:09]} 36. Bxg7+ {[%clk
00:03:42]} {[%emt 00:01:13]} Qxg7 {[%clk 00:05:11]} {[%emt 00:00:05]} 37. Qe8+
{[%clk 00:03:58]} {[%emt 00:00:14]} Qg8 {[%clk 00:05:38]} {[%emt 00:00:04]} 38.
g7+ {[%clk 00:02:19]} {[%emt 00:02:09]} Kxg7 {[%clk 00:05:58]} {[%emt
00:00:09]} 39. Nf5+ {[%clk 00:02:22]} {[%emt 00:00:27]} Kh8 {[%clk 00:06:20]}
{[%emt 00:00:09]} 40. Qe5+ {[%clk 00:02:27]} {[%emt 00:00:25]} Kh7 {[%clk
00:06:46]} {[%emt 00:00:04]} 41. Qc7+ {[%clk 00:26:08]} {[%emt 00:06:47]} Kh8
{[%clk 00:37:06]} {[%emt 00:00:12]} 42. Qe7 {[%clk 00:20:43]} {[%emt 00:05:54]}
Qg4 {[%clk 00:33:31]} {[%emt 00:04:05]} 43. Qh4+ {[%clk 00:18:17]} {[%emt
00:02:57]} Qxh4 {[%clk 00:33:56]} {[%emt 00:00:05]} 44. gxh4 {[%clk 00:18:24]}
{[%emt 00:00:23]} Kh7 {[%clk 00:34:17]} {[%emt 00:00:08]} 45. Kg2 {[%clk
00:18:22]} {[%emt 00:00:32]} Kg6 {[%clk 00:34:43]} {[%emt 00:00:05]} 46. Nd6
{[%clk 00:18:04]} {[%emt 00:00:47]} Kf6 {[%clk 00:35:00]} {[%emt 00:00:14]} 47.
Kg3 {[%clk 00:17:04]} {[%emt 00:01:30]} Ke5 {[%clk 00:35:13]} {[%emt 00:00:17]}
48. Nb7 {[%clk 00:16:58]} {[%emt 00:00:36]} Be2 {[%clk 00:35:19]} {[%emt
00:00:25]} 49. a5 {[%clk 00:17:04]} {[%emt 00:00:23]} Kd5 {[%clk 00:35:43]}
{[%emt 00:00:06]} 50. Kf4 {[%clk 00:17:02]} {[%emt 00:00:32]} Kc6 {[%clk
00:35:09]} {[%emt 00:01:04]} 51. Nd8+ {[%clk 00:13:57]} {[%emt 00:03:34]} Kb5
{[%clk 00:35:35]} {[%emt 00:00:05]} 52. Kxe4 {[%clk 00:13:23]} {[%emt
00:01:04]} Kxa5 {[%clk 00:35:59]} {[%emt 00:00:05]} 53. f3 {[%clk 00:13:34]}
{[%emt 00:00:19]} Bd1 {[%clk 00:35:49]} {[%emt 00:00:40]} 54. h5 {[%clk
00:13:56]} {[%emt 00:00:09]} Kb6 {[%clk 00:36:05]} {[%emt 00:00:15]} 55. h6
{[%clk 00:14:04]} {[%emt 00:00:21]} Bc2+ {[%clk 00:36:22]} {[%emt 00:00:13]}
56. Ke5 {[%clk 00:14:25]} {[%emt 00:00:09]} Kc7 {[%clk 00:36:48]} {[%emt
00:00:05]} 57. Ne6+ {[%clk 00:14:35]} {[%emt 00:00:19]} Kd7 {[%clk 00:37:14]}
{[%emt 00:00:04]} 58. Ng5 {[%clk 00:14:38]} {[%emt 00:00:27]} Ke7 {[%clk
00:37:35]} {[%emt 00:00:08]} 59. h7 {[%clk 00:14:54]} {[%emt 00:00:14]} Bxh7
{[%clk 00:37:59]} {[%emt 00:00:06]} 60. Nxh7 {[%clk 00:15:23]} {[%emt
00:00:02]} Kf7 {[%clk 00:38:19]} {[%emt 00:00:10]} 61. f4 {[%clk 00:15:35]}
{[%emt 00:00:19]} Kg6 {[%clk 00:38:13]} {[%emt 00:00:35]} 62. Ng5 {[%clk
00:15:34]} {[%emt 00:00:29]} Kg7 {[%clk 00:38:37]} {[%emt 00:00:06]} 63. Ke6
{[%clk 00:15:53]} {[%emt 00:00:12]} Kg8 {[%clk 00:39:04]} {[%emt 00:00:03]} 64.
Ke7 {[%clk 00:15:52]} {[%emt 00:00:32]} Kg7 {[%clk 00:39:21]} {[%emt 00:00:13]}
65. f5 {[%clk 00:16:18]} {[%emt 00:00:04]} Kg8 {[%clk 00:39:08]} {[%emt
00:00:42]} 66. f6 {[%clk 00:16:35]} {[%emt 00:00:14]} Kh8 {[%clk 00:39:33]}
{[%emt 00:00:05]} 67. f7 {[%clk 00:17:01]} {[%emt 00:00:05]} Kg7 {[%clk
00:40:00]} {[%emt 00:00:03]} 68. f8=Q {[%clk 00:17:25]} {[%emt 00:00:05]} 1-0

[Event "DEM U12 2025"]
[Site "Willingen GER"]
[Date "2025.06.14"]
[Round "9"]
[White "Belin, Anton"]
[Black "Sheng, Ming"]
[Result "1-0"]
[Termination "normal"]
[Board "3"]
[WhiteElo "2061"]
[BlackElo "2038"]
[WhiteClock "00:29:04"]
[BlackClock "00:11:01"]
[PlyCount "57"]
[WhiteFideId "34610952"]
[BlackFideId "34605258"]
[EventCountry "GER"]
[EventRounds "9"]
[EventType "swiss"]
[EventDate "2025.06.07"]

1. e4 {[%clk 01:30:59]} {[%emt 00:00:01]} c6 {[%clk 01:30:57]} {[%emt
00:00:03]} 2. d4 {[%clk 01:31:23]} {[%emt 00:00:05]} d5 {[%clk 01:31:24]}
{[%emt 00:00:04]} 3. Nd2 {[%clk 01:31:48]} {[%emt 00:00:05]} dxe4 {[%clk
01:31:49]} {[%emt 00:00:05]} 4. Nxe4 {[%clk 01:32:13]} {[%emt 00:00:05]} Bf5
{[%clk 01:32:14]} {[%emt 00:00:05]} 5. Ng3 {[%clk 01:32:36]} {[%emt 00:00:07]}
Bg6 {[%clk 01:32:40]} {[%emt 00:00:04]} 6. h4 {[%clk 01:32:57]} {[%emt
00:00:08]} h6 {[%clk 01:33:06]} {[%emt 00:00:05]} 7. Nf3 {[%clk 01:33:17]}
{[%emt 00:00:10]} e6 {[%clk 01:33:25]} {[%emt 00:00:11]} 8. Bd3 {[%clk
01:33:18]} {[%emt 00:00:29]} Bxd3 {[%clk 01:33:35]} {[%emt 00:00:20]} 9. Qxd3
{[%clk 01:33:44]} {[%emt 00:00:04]} Nf6 {[%clk 01:33:16]} {[%emt 00:00:50]} 10.
Bd2 {[%clk 01:33:13]} {[%emt 00:01:00]} Be7 {[%clk 01:31:36]} {[%emt 00:02:09]}
11. O-O-O {[%clk 01:31:59]} {[%emt 00:01:44]} O-O {[%clk 01:31:22]} {[%emt
00:00:45]} 12. Qe2 {[%clk 01:31:01]} {[%emt 00:01:28]} Nbd7 {[%clk 01:30:51]}
{[%emt 00:01:00]} 13. Nf1 {[%clk 01:27:57]} {[%emt 00:03:34]} c5 {[%clk
01:24:58]} {[%emt 00:06:24]} 14. g4 {[%clk 01:16:48]} {[%emt 00:11:39]} Nxg4
{[%clk 01:17:08]} {[%emt 00:08:20]} 15. Rg1 {[%clk 01:16:16]} {[%emt 00:01:03]}
h5 {[%clk 01:16:06]} {[%emt 00:01:30]} 16. N3h2 {[%clk 01:06:11]} {[%emt
00:10:35]} Ndf6 {[%clk 01:09:11]} {[%emt 00:07:24]} 17. Nxg4 {[%clk 01:05:53]}
{[%emt 00:00:47]} hxg4 {[%clk 01:05:14]} {[%emt 00:04:28]} 18. Nh2 {[%clk
00:59:47]} {[%emt 00:06:37]} cxd4 {[%clk 00:44:20]} {[%emt 00:21:24]} 19. Bg5
{[%clk 00:44:12]} {[%emt 00:16:04]} Qc7 {[%clk 00:24:25]} {[%emt 00:20:26]} 20.
Nxg4 {[%clk 00:42:03]} {[%emt 00:02:39]} Nxg4 {[%clk 00:24:46]} {[%emt
00:00:09]} 21. Rxg4 {[%clk 00:37:59]} {[%emt 00:04:34]} Bxg5+ {[%clk 00:21:52]}
{[%emt 00:03:24]} 22. hxg5 {[%clk 00:35:48]} {[%emt 00:02:41]} Rad8 {[%clk
00:17:50]} {[%emt 00:04:31]} 23. Rh4 {[%clk 00:30:20]} {[%emt 00:05:58]} d3
{[%clk 00:15:44]} {[%emt 00:02:37]} 24. Rdh1 {[%clk 00:27:53]} {[%emt
00:02:56]} Qf4+ {[%clk 00:15:13]} {[%emt 00:01:02]} 25. Qe3 {[%clk 00:28:01]}
{[%emt 00:00:23]} Qxe3+ {[%clk 00:10:41]} {[%emt 00:05:02]} 26. fxe3 {[%clk
00:28:17]} {[%emt 00:00:13]} f5 {[%clk 00:11:02]} {[%emt 00:00:09]} 27. g6
{[%clk 00:28:42]} {[%emt 00:00:05]} d2+ {[%clk 00:11:28]} {[%emt 00:00:04]} 28.
Kd1 {[%clk 00:29:06]} {[%emt 00:00:05]} Rfe8 {[%clk 00:11:01]} {[%emt
00:00:57]} 29. Rh8# {[%clk 00:29:04]} {[%emt 00:00:02]} 1-0

[Event "DEM U12 2025"]
[Site "Willingen GER"]
[Date "2025.06.14"]
[Round "9"]
[White "Hoppe, Arthur"]
[Black "Steinbrenner, Peter"]
[Result "0-1"]
[Termination "normal"]
[Board "4"]
[WhiteElo "1922"]
[BlackElo "1908"]
[WhiteClock "01:15:09"]
[BlackClock "00:00:55"]
[PlyCount "86"]
[WhiteFideId "34618910"]
[BlackFideId "34645535"]
[EventCountry "GER"]
[EventRounds "9"]
[EventType "swiss"]
[EventDate "2025.06.07"]

1. d4 {[%clk 01:30:55]} {[%emt 00:00:05]} Nf6 {[%clk 01:30:45]} {[%emt
00:00:15]} 2. c4 {[%clk 01:31:18]} {[%emt 00:00:07]} e6 {[%clk 01:31:05]}
{[%emt 00:00:10]} 3. g3 {[%clk 01:31:42]} {[%emt 00:00:06]} d5 {[%clk
01:31:00]} {[%emt 00:00:36]} 4. Bg2 {[%clk 01:32:04]} {[%emt 00:00:06]} Bb4+
{[%clk 01:31:16]} {[%emt 00:00:14]} 5. Nd2 {[%clk 01:32:28]} {[%emt 00:00:06]}
O-O {[%clk 01:31:03]} {[%emt 00:00:42]} 6. Ngf3 {[%clk 01:32:46]} {[%emt
00:00:12]} c6 {[%clk 01:30:19]} {[%emt 00:01:15]} 7. O-O {[%clk 01:33:07]}
{[%emt 00:00:09]} Nbd7 {[%clk 01:30:23]} {[%emt 00:00:27]} 8. Qc2 {[%clk
01:33:16]} {[%emt 00:00:21]} b6 {[%clk 01:25:49]} {[%emt 00:05:05]} 9. e4
{[%clk 01:33:25]} {[%emt 00:00:19]} Bb7 {[%clk 01:21:42]} {[%emt 00:04:38]} 10.
e5 {[%clk 01:28:44]} {[%emt 00:05:11]} Ne8 {[%clk 01:20:56]} {[%emt 00:01:15]}
11. Nb1 {[%clk 01:25:37]} {[%emt 00:03:37]} h6 {[%clk 01:17:57]} {[%emt
00:03:29]} 12. Rd1 {[%clk 01:23:17]} {[%emt 00:02:50]} Rc8 {[%emt 00:15:00]}
13. cxd5 {[%clk 01:16:44]} cxd5 {[%clk 01:04:38]} {[%emt 00:06:23]} 14. Qa4
{[%clk 01:17:01]} {[%emt 00:00:13]} a5 {[%clk 00:57:04]} {[%emt 00:08:04]} 15.
a3 {[%clk 01:16:14]} {[%emt 00:01:16]} Bc6 {[%clk 00:53:07]} {[%emt 00:04:28]}
16. Qb3 {[%clk 01:16:28]} {[%emt 00:00:16]} Be7 {[%clk 00:53:29]} {[%emt
00:00:07]} 17. Nc3 {[%clk 01:16:54]} {[%emt 00:00:04]} Rb8 {[%clk 00:51:42]}
{[%emt 00:02:17]} 18. Bf1 {[%clk 01:16:19]} {[%emt 00:01:05]} Nc7 {[%clk
00:51:19]} {[%emt 00:00:54]} 19. Nb5 {[%clk 01:14:57]} {[%emt 00:01:52]} Bxb5
{[%clk 00:46:49]} {[%emt 00:04:59]} 20. Bxb5 {[%clk 01:15:21]} {[%emt
00:00:06]} Nxb5 {[%clk 00:46:55]} {[%emt 00:00:25]} 21. Qxb5 {[%clk 01:15:45]}
{[%emt 00:00:05]} Rc8 {[%clk 00:41:36]} {[%emt 00:05:49]} 22. Bd2 {[%clk
01:15:54]} {[%emt 00:00:21]} f6 {[%clk 00:38:11]} {[%emt 00:03:55]} 23. exf6
{[%clk 01:14:43]} {[%emt 00:01:42]} Nxf6 {[%clk 00:36:45]} {[%emt 00:01:56]}
24. Rac1 {[%clk 01:14:13]} {[%emt 00:01:01]} Rxc1 {[%clk 00:36:08]} {[%emt
00:01:06]} 25. Rxc1 {[%clk 01:14:20]} {[%emt 00:00:24]} Ne4 {[%clk 00:34:48]}
{[%emt 00:01:50]} 26. Kg2 {[%clk 01:14:13]} {[%emt 00:00:36]} Rxf3 {[%clk
00:30:53]} {[%emt 00:04:25]} 27. Kxf3 {[%clk 01:14:25]} {[%emt 00:00:18]} Nxd2+
{[%clk 00:30:17]} {[%emt 00:01:06]} 28. Kg2 {[%clk 01:14:50]} {[%emt 00:00:05]}
Ne4 {[%clk 00:25:35]} {[%emt 00:05:13]} 29. Qa6 {[%clk 01:14:55]} {[%emt
00:00:25]} Bf8 {[%clk 00:05:53]} {[%emt 00:20:11]} 30. Rc6 {[%clk 01:14:28]}
{[%emt 00:00:58]} Qg5 {[%clk 00:04:44]} {[%emt 00:01:39]} 31. Qc8 {[%clk
01:14:03]} {[%emt 00:00:55]} Qf5 {[%clk 00:03:36]} {[%emt 00:01:38]} 32. Qxe6+
{[%clk 01:13:46]} {[%emt 00:00:47]} Qxe6 {[%clk 00:04:02]} {[%emt 00:00:04]}
33. Rxe6 {[%clk 01:14:10]} {[%emt 00:00:06]} Nd6 {[%clk 00:03:40]} {[%emt
00:00:52]} 34. Re5 {[%clk 01:13:10]} {[%emt 00:01:30]} Nc4 {[%clk 00:03:53]}
{[%emt 00:00:17]} 35. Rxd5 {[%clk 01:13:34]} {[%emt 00:00:06]} Nxb2 {[%clk
00:04:11]} {[%emt 00:00:11]} 36. Rd7 {[%clk 01:13:58]} {[%emt 00:00:06]} Bxa3
{[%clk 00:04:13]} {[%emt 00:00:28]} 37. d5 {[%clk 01:14:21]} {[%emt 00:00:07]}
Nc4 {[%clk 00:04:09]} {[%emt 00:00:33]} 38. f4 {[%clk 01:14:32]} {[%emt
00:00:20]} b5 {[%clk 00:03:54]} {[%emt 00:00:45]} 39. Kf3 {[%clk 01:14:54]}
{[%emt 00:00:07]} a4 {[%clk 00:03:12]} {[%emt 00:01:13]} 40. Ke4 {[%clk
01:15:00]} {[%emt 00:00:24]} Bb4 {[%clk 00:01:17]} {[%emt 00:02:24]} 41. Kd4
{[%clk 01:15:14]} {[%emt 00:00:16]} a3 {[%clk 00:00:59]} {[%emt 00:00:49]} 42.
Ra7 {[%clk 01:15:22]} {[%emt 00:00:21]} Ba5 {[%clk 00:00:50]} {[%emt 00:00:38]}
43. Re7 {[%clk 01:15:09]} {[%emt 00:00:43]} a2 {[%clk 00:00:55]} {[%emt
00:00:34]} 0-1

[Event "DEM U12 2025"]
[Site "Willingen GER"]
[Date "2025.06.14"]
[Round "9"]
[White "Zielke, Mika"]
[Black "Fadeev, Justin Michael"]
[Result "0-1"]
[Termination "normal"]
[Board "5"]
[WhiteElo "1733"]
[BlackElo "2060"]
[WhiteClock "00:29:37"]
[BlackClock "00:54:01"]
[PlyCount "112"]
[WhiteFideId "34661816"]
[BlackFideId "34602968"]
[EventCountry "GER"]
[EventRounds "9"]
[EventType "swiss"]
[EventDate "2025.06.07"]

1. e4 {[%clk 01:30:52]} {[%emt 00:00:08]} c5 {[%clk 01:30:52]} {[%emt
00:00:09]} 2. Nf3 {[%clk 01:31:10]} {[%emt 00:00:11]} Nc6 {[%clk 01:31:18]}
{[%emt 00:00:04]} 3. Bc4 {[%clk 01:31:18]} {[%emt 00:00:23]} g6 {[%clk
01:30:40]} {[%emt 00:01:09]} 4. O-O {[%clk 01:30:59]} {[%emt 00:00:47]} Bg7
{[%clk 01:31:03]} {[%emt 00:00:07]} 5. c3 {[%clk 01:31:04]} {[%emt 00:00:25]}
e6 {[%clk 01:29:29]} {[%emt 00:02:05]} 6. d4 {[%clk 01:28:19]} {[%emt
00:03:15]} cxd4 {[%clk 01:28:28]} {[%emt 00:01:31]} 7. cxd4 {[%clk 01:27:46]}
{[%emt 00:01:02]} d5 {[%clk 01:28:14]} {[%emt 00:00:45]} 8. exd5 {[%clk
01:27:12]} {[%emt 00:01:03]} exd5 {[%clk 01:28:36]} {[%emt 00:00:09]} 9. Bb5
{[%clk 01:26:30]} {[%emt 00:01:12]} Nge7 {[%clk 01:28:15]} {[%emt 00:00:52]}
10. Nc3 {[%clk 01:24:04]} {[%emt 00:02:55]} O-O {[%clk 01:27:44]} {[%emt
00:00:59]} 11. Re1 {[%clk 01:14:26]} {[%emt 00:10:09]} Bg4 {[%clk 01:11:58]}
{[%emt 00:16:17]} 12. Bxc6 {[%clk 01:12:32]} {[%emt 00:02:22]} Nxc6 {[%clk
01:11:21]} {[%emt 00:01:09]} 13. Be3 {[%clk 01:08:54]} {[%emt 00:04:07]} Qd7
{[%clk 01:06:01]} {[%emt 00:05:50]} 14. h3 {[%clk 01:06:52]} {[%emt 00:02:33]}
Bf5 {[%clk 00:59:28]} {[%emt 00:07:03]} 15. Qa4 {[%clk 00:55:48]} {[%emt
00:11:34]} h6 {[%clk 00:54:46]} {[%emt 00:05:13]} 16. Rac1 {[%clk 00:53:21]}
{[%emt 00:02:56]} Rfd8 {[%clk 00:53:40]} {[%emt 00:01:36]} 17. Qb5 {[%clk
00:48:54]} {[%emt 00:04:56]} Rac8 {[%clk 00:43:18]} {[%emt 00:10:53]} 18. a4
{[%clk 00:42:47]} {[%emt 00:06:38]} Be4 {[%clk 00:39:53]} {[%emt 00:03:55]} 19.
Nd2 {[%clk 00:38:20]} {[%emt 00:04:56]} Nxd4 {[%clk 00:38:22]} {[%emt
00:02:01]} 20. Bxd4 {[%clk 00:37:50]} {[%emt 00:01:00]} Bxd4 {[%clk 00:38:37]}
{[%emt 00:00:14]} 21. Ndxe4 {[%clk 00:37:15]} {[%emt 00:01:05]} dxe4 {[%clk
00:35:10]} {[%emt 00:03:58]} 22. Rxe4 {[%clk 00:31:12]} {[%emt 00:06:32]} Bxf2+
{[%clk 00:33:16]} {[%emt 00:02:25]} 23. Kxf2 {[%clk 00:19:53]} {[%emt
00:11:49]} Qd2+ {[%clk 00:33:33]} {[%emt 00:00:12]} 24. Ne2 {[%clk 00:20:14]}
{[%emt 00:00:10]} Rxc1 {[%clk 00:33:18]} {[%emt 00:00:44]} 25. Re8+ {[%clk
00:20:36]} {[%emt 00:00:08]} Rxe8 {[%clk 00:33:03]} {[%emt 00:00:45]} 26. Qxe8+
{[%clk 00:21:00]} {[%emt 00:00:06]} Kg7 {[%clk 00:33:28]} {[%emt 00:00:06]} 27.
Qe5+ {[%clk 00:21:21]} {[%emt 00:00:08]} Kh7 {[%clk 00:31:28]} {[%emt
00:02:30]} 28. Qe7 {[%clk 00:21:34]} {[%emt 00:00:18]} Qe1+ {[%clk 00:25:20]}
{[%emt 00:06:38]} 29. Ke3 {[%clk 00:21:53]} {[%emt 00:00:10]} Qf1 {[%clk
00:25:39]} {[%emt 00:00:12]} 30. Nxc1 {[%clk 00:22:09]} {[%emt 00:00:14]} Qxc1+
{[%clk 00:26:05]} {[%emt 00:00:04]} 31. Kf3 {[%clk 00:21:36]} {[%emt 00:01:03]}
Qd1+ {[%clk 00:25:27]} {[%emt 00:01:08]} 32. Kg3 {[%clk 00:21:27]} {[%emt
00:00:38]} Qd5 {[%clk 00:25:45]} {[%emt 00:00:13]} 33. Kh2 {[%clk 00:19:37]}
{[%emt 00:02:19]} Kg7 {[%clk 00:23:59]} {[%emt 00:02:16]} 34. Qe3 {[%clk
00:18:02]} {[%emt 00:02:04]} Qd6+ {[%clk 00:23:47]} {[%emt 00:00:43]} 35. Kh1
{[%clk 00:18:10]} {[%emt 00:00:22]} Qd1+ {[%clk 00:24:00]} {[%emt 00:00:18]}
36. Kh2 {[%clk 00:18:28]} {[%emt 00:00:11]} Qxa4 {[%clk 00:23:57]} {[%emt
00:00:34]} 37. Qe5+ {[%clk 00:18:25]} {[%emt 00:00:32]} Kh7 {[%clk 00:24:15]}
{[%emt 00:00:12]} 38. Qd5 {[%clk 00:17:39]} {[%emt 00:01:17]} Qf4+ {[%clk
00:24:28]} {[%emt 00:00:17]} 39. Kh1 {[%clk 00:17:33]} {[%emt 00:00:36]} Qc7
{[%clk 00:24:21]} {[%emt 00:00:36]} 40. b3 {[%clk 00:14:36]} {[%emt 00:03:28]}
a6 {[%clk 00:23:43]} {[%emt 00:01:08]} 41. Qf3 {[%clk 00:12:12]} {[%emt
00:02:53]} b5 {[%clk 00:23:00]} {[%emt 00:01:15]} 42. Qf6 {[%clk 00:10:06]}
{[%emt 00:02:35]} a5 {[%clk 00:23:16]} {[%emt 00:00:14]} 43. Qa6 {[%clk
00:05:00]} {[%emt 00:05:36]} Qd7 {[%clk 00:22:02]} {[%emt 00:01:43]} 44. Kh2
{[%clk 00:02:10]} {[%emt 00:03:21]} Qd3 {[%clk 00:21:47]} {[%emt 00:00:44]} 45.
Qxa5 {[%clk 00:01:36]} {[%emt 00:01:05]} Qxb3 {[%clk 00:22:15]} {[%emt
00:00:03]} 46. Qa7 {[%clk 00:01:03]} {[%emt 00:01:02]} Qc4 {[%clk 00:22:18]}
{[%emt 00:00:27]} 47. Qb7 {[%clk 00:30:08]} {[%emt 00:01:25]} b4 {[%clk
00:52:33]} {[%emt 00:00:15]} 48. Kh1 {[%clk 00:29:54]} {[%emt 00:00:44]} Kg7
{[%clk 00:52:56]} {[%emt 00:00:07]} 49. Qe7 {[%clk 00:29:48]} {[%emt 00:00:36]}
Qc3 {[%clk 00:53:18]} {[%emt 00:00:08]} 50. Qe4 {[%clk 00:29:35]} {[%emt
00:00:43]} b3 {[%clk 00:53:44]} {[%emt 00:00:05]} 51. Kg1 {[%clk 00:29:30]}
{[%emt 00:00:34]} b2 {[%clk 00:52:44]} {[%emt 00:01:30]} 52. Kh2 {[%clk
00:29:34]} {[%emt 00:00:25]} Qc7+ {[%clk 00:52:43]} {[%emt 00:00:32]} 53. g3
{[%clk 00:29:52]} {[%emt 00:00:12]} Qc1 {[%clk 00:52:49]} {[%emt 00:00:23]} 54.
Qe5+ {[%clk 00:30:11]} {[%emt 00:00:12]} Kh7 {[%clk 00:53:15]} {[%emt
00:00:04]} 55. Qd5 {[%clk 00:29:16]} {[%emt 00:01:25]} Qc2+ {[%clk 00:53:39]}
{[%emt 00:00:06]} 56. Qg2 {[%clk 00:29:37]} {[%emt 00:00:09]} b1=Q {[%clk
00:54:01]} {[%emt 00:00:09]} 0-1